000 00448nam a22001697a 4500
003 koha_MIRAKIL
005 20231213095417.0
008 231213b |||||||| |||| 00| 0 ||| d
040 _aTR-IsEVY
_btur
_cTR-IsEVY
082 _a310 KIS/D
100 _aKISAKÜREK, NECİP FAZIL.
245 0 _aDÜNYA BİR İNKILAP BEKLİYOR.
260 _bBÜYÜK DOĞU YAYINLARI,
_c2009
300 _a[ ] p.
650 _aGenel İstatistikler.
942 _2ddc
_cBK
999 _c3168
_d3168